00177nam a2200073Ia 4500100001800000250001300018245004100031260003100072 aNathan Winter a2012 Ed. aMastering Microsoft lync Server 2010 aWiley India Ltd. New Delhi